Études pratiques sur la réforme du système pénitentiaire / (Record no. 153708)

MARC details
000 -LEADER
campo de control de longitud fija 00640nam a2200157 i 4500
001 - NÚMERO DE CONTROL
campo de control 153708
003 - IDENTIFICADOR DE NÚMERO DE CONTROL
campo de control ES-MaACL
005 - FECHA Y HORA DE LA ÚLTIMA TRANSACCIÓN
campo de control 20230906205342.0
008 - DATOS DE LONGITUD FIJA--INFORMACIÓN GENERAL
campo de control de longitud fija 030207s1877 fr |||| | fre d
100 1# - ENTRADA PRINCIPAL--NOMBRE DE PERSONA
Nombre de persona Espagne, Adelphe.
9 (RLIN) 126958
245 10 - MENCIÓN DEL TÍTULO
Título Études pratiques sur la réforme du système pénitentiaire /
Mención de responsabilidad, etc. par Adelphe Espagne.
260 ## - PUBLICACIÓN, DISTRIBUCIÓN, ETC.
Lugar de publicación, distribución, etc. Paris :
Nombre del editor, distribuidor, etc. A. Marescq ainé,
Fecha de publicación, distribución, etc. 1877 (
Lugar de fabricación/manufactura Corbeil :
Fabricante Typ. y Ster. de Crété)
300 ## - DESCRIPCIÓN FÍSICA
Extensión 92 p. ;
Dimensiones 22 cm.
650 ## - PUNTO DE ACCESO ADICIONAL DE MATERIA--TÉRMINO DE MATERIA
Término de materia o nombre geográfico como elemento de entrada Derecho penitenciario-
Subdivisión geográfica Francia.
9 (RLIN) 141896
852 ## - LOCALIZACIÓN
Ubicación ES-MaACL
Número de control de estantería D-221(13)
Nota libre - Enc. hol.
-- . - Donativo Lastres
-- - Forma parte de la col. facticia: "Estudios penitenciarios"
Holdings
Estatus retirado Estado de pérdida Estado de daño No para préstamo Colección Biblioteca de origen Biblioteca actual Ubicación en estantería Fecha de adquisición Fuente de adquisición Total de préstamos Signatura topográfica completa Código de barras Visto por última vez Precio de reemplazo Tipo de ítem Koha
        Libros del s. XIX Biblioteca del Ateneo de Madrid Biblioteca del Ateneo de Madrid Sala Valle Inclán 17/01/2008     D-221(13) 901160692 23/02/2023 23/02/2023 Libro impreso antiguo